| 000 | 02664nam a22005415i 4500 | ||
|---|---|---|---|
| 001 | 60182 | ||
| 005 | 20200226102414.0 | ||
| 007 | cr nn 008mamaa | ||
| 008 | 170509s2017 gw | s |||| 0|eng d | ||
| 020 |
_a9783319442518 _9978-3-319-44251-8 |
||
| 024 | 7 |
_a10.1007/978-3-319-44251-8 _2doi |
|
| 035 | _a(DE-He213)978-3-319-44251-8 | ||
| 050 | 4 | _aRC681-688.2 | |
| 072 | 7 |
_aMJD _2bicssc |
|
| 072 | 7 |
_aMED010000 _2bisacsh |
|
| 082 | 0 | 4 |
_a616.12 _223 |
| 245 | 1 | 0 |
_aHypertension: from basic research to clinical practice _h[electronic resource] / _cedited by Md. Shahidul Islam. |
| 264 | 1 |
_aCham : _bSpringer International Publishing : _bImprint: Springer, _c2017. |
|
| 300 |
_aIX, 631 p. 67 illus. _bonline resource. |
||
| 336 |
_atext _btxt _2rdacontent |
||
| 337 |
_acomputer _bc _2rdamedia |
||
| 338 |
_aonline resource _bcr _2rdacarrier |
||
| 347 |
_atext file _bPDF _2rda |
||
| 490 | 1 |
_aAdvances in Experimental Medicine and Biology, _x0065-2598 ; _v956 |
|
| 520 | _aHypertension: from basic research to clinical practice” contains a unique collection of selected chapters written by experts and enthusiasts engaged in research and treatment of hypertension, a condition that affects around a billion people in the world. The chapters describe fundamental researches at cellular and molecular levels to the science, and art of treatment of the condition in clinical practice. The topics included ranges from pathophysiology of hypertension, through monitoring of hypertension, to the treatment of hypertension in different patient categories. It contains essential background information as well as cutting edge research, and state of the art treatment alternatives in this broad field. From the beginners, and research students to the expert clinicians, and established scientists, everybody has something to learn from this book. . | ||
| 650 | 0 | _aMedicine. | |
| 650 | 0 | _aPharmacology. | |
| 650 | 0 | _aMaternal and child health services. | |
| 650 | 0 | _aCardiology. | |
| 650 | 0 | _aNephrology. | |
| 650 | 0 | _aPathology. | |
| 650 | 0 | _aUrology. | |
| 650 | 1 | 4 | _aMedicine & Public Health. |
| 650 | 2 | 4 | _aCardiology. |
| 650 | 2 | 4 | _aPathology. |
| 650 | 2 | 4 | _aPharmacology/Toxicology. |
| 650 | 2 | 4 | _aNephrology. |
| 650 | 2 | 4 | _aUrology. |
| 650 | 2 | 4 | _aMaternal and Child Health. |
| 700 | 1 |
_aIslam, Md. Shahidul. _eeditor. |
|
| 710 | 2 | _aSpringerLink (Online service) | |
| 773 | 0 | _tSpringer eBooks | |
| 776 | 0 | 8 |
_iPrinted edition: _z9783319442501 |
| 830 | 0 |
_aAdvances in Experimental Medicine and Biology, _x0065-2598 ; _v956 |
|
| 856 | 4 | 0 | _uhttp://dx.doi.org/10.1007/978-3-319-44251-8 |
| 912 | _aZDB-2-SME | ||
| 999 |
_c3569 _d3569 |
||